header

Science and polity in France (Record no. 2501)

MARC details
000 -LEADER
fixed length control field 01476nam a2200337Ia 4500
082 04 - DEWEY DECIMAL CLASSIFICATION NUMBER
Classification number 509/.44
100 1# - MAIN ENTRY--AUTHOR NAME
Personal name Gillispie, Charles Coulston.
245 10 - TITLE STATEMENT
Title Science and polity in France
260 ## - PUBLICATION, DISTRIBUTION, ETC. (IMPRINT)
Place of publication Princeton, N.J. :
Name of publisher Princeton University Press,
Year of publication [2004]
300 ## - PHYSICAL DESCRIPTION
Number of Pages xii, 601 p.
500 ## - GENERAL NOTE
General note Originally published: Science and polity in France at the end of the Old Regime. Princeton, N.J. : Princeton University Press, c1980.
650 #0 - SUBJECT ADDED ENTRY--TOPICAL TERM
Topical Term Science and state
Topical Term Science
856 40 - ELECTRONIC LOCATION AND ACCESS
Uniform Resource Identifier http://site.ebrary.com/lib/rucke/Doc?id=10284060

No items available.

© 2026 Rongo University
Contact us: librarian | system librarian | Rongo university